00761nam a22002177a 4500003001100000008004100011040003900052041000800091082001600099111012200115245002500237260002900262300001300291650003500304650003700339700002500376700002900401942000700430952009100437999001500528LK-CoMWRAF240120b1987 |||||||| |||| 00| 0 eng d aLK-CoMWRAFdLK-CoMWRAFeLK-CoMWRAF aeng a305.42bEVA aEVALUATION OF SOCIO-ECONOMIC AND POLITICAL STATUS OF WOMEN IN BANGLADESHc(Bangladesh, Dhaka;d16th-17th April, 1987) aNational seminar '87 aDhaka:bBela Nabi,c1987 a[107 p.] aWOMEN-Social status-Bangladesh aWOMEN-Economic status-Bangladesh aAkanda, Latifa eed. aIslam, Meherunnessaeed. cCP 00104070aMAINbMAINd2024-01-20l0o305.42 EVApRAF4785r2024-01-20w2024-01-20yCP c4657d4657